000 00319nam a22001457a 4500
020 _a978-0-8138-0161-4
082 _aC12M
100 _aMOURSI,AMR.M
245 _aCLINICAL CASES IN PEDIATRIC DENTISTRY
250 _a1ST
260 _aU.K
_bELSEVIER
_c2015
300 _a365
650 _aPEDODONTICS
942 _2ddc
_cBK
999 _c9870
_d9870